[Event "Challenge"]
[Site "http://www.queenalice.com/game.php?id=1077004"]
[Date "2012.6.27"]
[Round "-"]
[White "Ichglauble"]
[Black "vult0"]
[Result "0-1"]
[WhiteElo "1756"]
[BlackElo "1697"]

1. e4 e5 2. Nc3 d6 3. Nf3 h6 4. d3 Nc6 5. Be2 Nf6 6. h3 Bd7 7. O-O Be7 8. Be3
O-O 9. a3 Be6 10. b4 a6 11. Qd2 Qd7 12. Bxh6 gxh6 13. Qxh6 Nh7 14. h4 Bf6 15.
Nd5 Bg7 16. Qe3 Ne7 17. Nxe7+ Qxe7 18. Ng5 f6 19. Nxh7 Kxh7 20. f4 Bh6 21. Qf3
Bxf4 22. Qh5+ Bh6 23. Rf2 Rg8 24. Raf1 Raf8 25. d4 Bh3 26. Bc4 Rg6 27. Qd1 Be3
28. Qf3 Bxf2+ 29. Rxf2 Kg7 30. Qxh3 Rh8 31. g3 c6 32. Qe6 Qxe6 33. Bxe6 Rxh4 34.
dxe5 Rxg3+ 35. Rg2 Rxg2+ 36. Kxg2 dxe5 37. Bf5 Kh6 38. Kg3 Rh5 39. c4 Rxf5 40.
exf5 Kg5 41. Kf3 Kxf5 42. a4 e4+ 43. Ke3 Ke5 44. c5 Kd5 45. a5 f5 46. Kf4 Kc4
47. b5 Kxb5 48. Kxf5 Kxa5 49. Kxe4 Kb5 50. Kd4 a5 51. Kc3 Kxc5 52. Kb3 b5 53.
Ka3 Kc4 54. Kb2 a4 55. Ka3 c5 56. Kb2 b4 57. Kc2 a3 58. Kb1 Kc3 59. Ka2 c4 60.
Kb1 b3 61. Ka1 Kd2 62. Kb1 c3 63. Ka1 b2+ 64. Ka2 c2 65. Kxa3 b1=Q 66. Ka4 c1=Q
67. Ka5 Qa3# 0-1

[Event "Jogo sério"]
[Site "http://www.queenalice.com/game.php?id=1084738"]
[Date "2012.7.20"]
[Round "-"]
[White "Ichglauble"]
[Black "Pedrodkp"]
[Result "1-0"]
[WhiteElo "1754"]
[BlackElo "1100"]

1. e4 g6 2. d4 Bh6 3. f4 Nf6 4. Nc3 d6 5. h3 b6 6. d5 c6 7. dxc6 Nxc6 8. Bb5 e5
9. Bxc6+ Bd7 10. Bxa8 Qxa8 11. fxe5 dxe5 12. Bxh6 Nxe4 13. Bg7 Rg8 14. Bxe5 Bc6
15. Nge2 f5 16. Nxe4 Bxe4 17. Qd6 Bxg2 18. Qe6+ Kf8 19. Rg1 Qe8 20. Qf6+ Qf7 21.
Bd6+ Ke8 22. Qe5+ Kd7 23. Rxg2 Qe6 24. Qf4 Qxd6 25. Qa4+ Ke6 26. Nf4+ Kf6 27.
Rd2 Re8+ 28. Kf2 Qxd2+ 29. Kg3 Re4 30. Qc6+ Kg5 31. h4+ Kh6 32. Rf1 Re3+ 33. Rf3
Qe1+ 34. Kg2 Qd2+ 35. Rf2 Qd4 36. c3 Qe4+ 37. Qxe4 Rxe4 38. Kf3 g5 39. hxg5+
Kxg5 40. Rg2+ Kf6 41. Nh5+ Ke5 42. Rg7 Ra4 43. a3 Rg4 44. Rxa7 f4 45. Kxg4 Ke4
46. Nxf4 Ke3 47. Rb7 Kd2 48. Rxb6 Ke3 49. c4 1-0

[Event "One out of a hundred"]
[Site "http://www.queenalice.com/game.php?id=1086069"]
[Date "2012.7.23"]
[Round "-"]
[White "Ichglauble"]
[Black "kaskarker"]
[Result "1/2-1/2"]
[WhiteElo "1738"]
[BlackElo "1910"]

1. e4 e5 2. Bc4 Nf6 3. Nc3 Nc6 4. Nf3 h6 5. O-O d6 6. d4 exd4 7. Nxd4 Nxd4 8.
Qxd4 Be7 9. e5 c5 10. Qf4 dxe5 11. Qxe5 O-O 12. Rd1 Nd7 13. Qg3 Bh4 14. Qg6 Kh8
15. Qh5 Qf6 16. Ne4 Qe7 17. Nd6 Ne5 18. Nf5 Bxf5 19. Qxf5 Nxc4 20. g3 Bf6 21.
Bf4 Bxb2 22. Rd7 Qxd7 23. Qxd7 Bxa1 24. Qd5 Nb6 25. Qxc5 Rfc8 26. Qf5 f6 27. h4
Be5 28. Be3 Nd5 29. Bc1 Nc3 30. Kg2 Nxa2 31. Be3 a5 32. g4 a4 33. g5 hxg5 34.
hxg5 Nb4 35. g6 Kg8 36. Qe6+ Kh8 37. Qh3+ Kg8 38. Qh7+ Kf8 39. Qh8+ Ke7 40.
Qxg7+ Kd6 41. Qxb7 Nxc2 42. Bb6 Bd4 43. Bc7+ Rxc7 44. Qxa8 a3 45. Qb8 a2 46. g7
a1=Q 47. g8=Q Ne1+ 48. Kg3 Be5+ 49. Kg4 Qd4+ 50. Kh5 Qd1+ 51. Qg4 Qxg4+ 52. Kxg4
Nd3 53. Qf8+ 1/2-1/2

[Event "Challenge"]
[Site "http://www.queenalice.com/game.php?id=1093301"]
[Date "2012.8.15"]
[Round "-"]
[White "kaskarker"]
[Black "Ichglauble"]
[Result "1-0"]
[WhiteElo "1896"]
[BlackElo "1745"]

1. e4 e5 2. Nf3 d6 3. Bc4 Nf6 4. Ng5 Nd5 5. Bxd5 Qxg5 6. Qf3 f6 7. O-O c6 8. Bb3
Bg4 9. Qg3 f5 10. exf5 Qxf5 11. h3 Be2 12. Re1 Bb5 13. Nc3 Nd7 14. Nxb5 cxb5 15.
d3 Nf6 16. f4 e4 17. dxe4 Nxe4 18. c3 O-O-O 19. Qe3 Nc5 20. Be6+ Nxe6 21. Qxe6+
Qxe6 22. Rxe6 d5 23. Be3 b6 24. a4 Bc5 25. Bxc5 bxc5 26. axb5 Rhe8 27. Rxe8 Rxe8
28. Rxa7 Kb8 29. Rxg7 Re1+ 30. Kh2 Rb1 31. Rd7 Rxb2 32. Rxd5 Rxb5 33. Rh5 Kc7
34. Rxh7+ Kc6 35. f5 Rb7 36. Rxb7 Kxb7 37. f6 1-0

[Event "Challenge"]
[Site "http://www.queenalice.com/game.php?id=1293957"]
[Date "2014.7.11"]
[Round "-"]
[White "Ichglauble"]
[Black "vult0"]
[Result "0-1"]
[WhiteElo "1743"]
[BlackElo "2353"]

1. e4 e5 2. Nf3 Nc6 3. d3 d6 4. Be2 h6 5. O-O Nf6 6. Nc3 Bg4 7. h3 Bxf3 8. Bxf3
Nd7 9. Nd5 Nd4 10. Be3 c6 11. Bxd4 cxd5 12. Bc3 d4 13. Bd2 Be7 14. Bg4 Nf6 15.
f4 Qb6 16. fxe5 dxe5 17. b4 Nxg4 18. Qxg4 Qg6 19. Qe2 Rc8 20. Rf3 Rxc2 21. Rc1
Rxc1+ 22. Bxc1 O-O 23. Qf2 Bxb4 24. Rg3 Qc6 25. Bd2 Bxd2 26. Qxd2 Qc3 27. Qe2 f5
28. Rg6 Qc1+ 29. Kh2 Qf4+ 30. g3 Qe3 31. Qb2 fxe4 32. h4 Rf2+ 0-1

[Event "Challenge"]
[Site "http://www.queenalice.com/game.php?id=1293958"]
[Date "2014.7.11"]
[Round "-"]
[White "vult0"]
[Black "Ichglauble"]
[Result "1-0"]
[WhiteElo "2352"]
[BlackElo "1745"]

1. d4 d5 2. c4 dxc4 3. e4 e5 4. Nf3 exd4 5. Bxc4 Bg4 6. Qb3 Be6 7. Bxe6 fxe6 8.
Qxb7 Nd7 9. Nxd4 Nc5 10. Qb5+ Qd7 11. O-O c6 12. Qxc6 Qxc6 13. Nxc6 Nxe4 14. Nd2
Nxd2 15. Bxd2 Ne7 16. Rac1 Nxc6 17. Rxc6 Rd8 18. Ba5 Rd6 19. Rc8+ Kf7 20. Rc7+
Be7 21. Rxa7 Kg6 22. Rxe7 Rc8 23. Bc3 Rdc6 24. Rxg7+ Kf5 25. Rxh7 e5 26. Rh5+
Kf4 27. Re1 Kg4 28. Rexe5 Rc5 29. h3+ Kf4 30. Rhf5# 1-0

[Event "Challenge"]
[Site "http://www.queenalice.com/game.php?id=1366379"]
[Date "2015.6.19"]
[Round "-"]
[White "Ichglauble"]
[Black "vult0"]
[Result "0-1"]
[WhiteElo "1741"]
[BlackElo "2331"]

1. e4 e5 2. d3 Nc6 3. Nf3 Bc5 4. Be3 Bxe3 5. fxe3 d5 6. Be2 dxe4 7. dxe4 Qxd1+
8. Bxd1 Nf6 9. O-O Nxe4 10. c3 f6 11. Ba4 Bd7 12. Bxc6 Bxc6 13. Nbd2 Nxd2 14.
Nxd2 O-O-O 15. a4 Rxd2 16. a5 Rxg2+ 17. Kh1 Rxb2+ 18. Kg1 Rg2+ 19. Kh1 Rg4+ 20.
e4 Bxe4+ 21. Rf3 Bxf3# 0-1

[Event "Challenge"]
[Site "http://www.queenalice.com/game.php?id=1366380"]
[Date "2015.6.19"]
[Round "-"]
[White "vult0"]
[Black "Ichglauble"]
[Result "1-0"]
[WhiteElo "2332"]
[BlackElo "1739"]

1. d4 d5 2. c4 dxc4 3. e4 e5 4. Nf3 Bb4+ 5. Nc3 Bg4 6. Be3 Bxf3 7. Qxf3 exd4 8.
Bxc4 f6 9. Rd1 Bxc3+ 10. bxc3 c5 11. Qh5+ g6 12. Qxc5 Nc6 13. cxd4 Qe7 14. Qxe7+
Ngxe7 15. Bh6 O-O-O 16. Be6+ Kc7 17. Bf4+ Kb6 18. d5 Nb4 19. Rb1 Ka5 20. Bd2
Nxd5 21. exd5 Rhe8 22. Bxb4+ Kb5 23. Be7+ 1-0

[Event "Challenge"]
[Site "http://www.queenalice.com/game.php?id=1462503"]
[Date "2017.2.2"]
[Round "-"]
[White "flaviocar"]
[Black "Ichglauble"]
[Result "0-1"]
[WhiteElo "1100"]
[BlackElo "1745"]

1. e4 e5 2. Bc4 Nf6 3. Nf3 d6 4. Ng5 d5 5. exd5 Nxd5 6. h4 Bc5 7. O-O Be7 8. d3
Bxg5 9. hxg5 Nf4 10. d4 Qxg5 11. g3 Bg4 12. Qd2 Nh3+ 13. Kh2 Qh5 14. Kg2 Bf3+
15. Kh2 Nf4+ 16. Kg1 Qh1# 0-1